000 00912nam a2200265 i 4500
005 20211025120300.0
008 211025n my ||||ff|||| ||| 0 may d
020 _cRM 475.00
_qpaperback
040 _aPPAK
_beng
_cPPAK
_erda
082 0 4 _223
_a370.114076
090 0 0 _a370.114076
_bPEN
_dROKU
245 0 0 _aPENDIDIKAN MORAL TINGKATAN 4.
264 1 _a[Place of publication not identified] :
_b[publisher not identified] ,
_c[date of publication not identified]
300 _a2 volume (unpaged) ;
_c30 cm.
336 _2rdacontent
_atactile text
337 _2rdamedia
_aunmediated
338 _2rdacarrier
_avolume
500 _aThe book has been place it at OKU ROOM PPAK Alor Setar.
521 _aSecondary school.
546 _aMalay.
_bbraille
650 1 0 _aMoral education
_vProblems, questions, etc.
650 2 0 _aEthics
_xProblems, questions, etc.
655 0 _aBraille books
942 _2ddc
_cB
999 _c185669
_d185669